[Event "Ceske Budejovice op-B"]
[Site "Ceske Budejovice"]
[Date "2025.07.03"]
[Round "6"]
[White "Vorlik, Petr"]
[Black "Paulik, Krystof"]
[Result "0-1"]
[WhiteElo "1256"]
[BlackElo "1572"]
[PlyCount "62"]
[EventDate "2025.06.28"]
[EventType "swiss"]
[EventRounds "9"]
[EventCountry "CZE"]
[SourceTitle "CB28_2025"]
[SourceDate "2025.07.09"]
[SourceVersion "1"]
[SourceVersionDate "2025.07.09"]
[SourceQuality "1"]

1. e4 c5 2. Nf3 Nc6 3. d4 cxd4 4. Nxd4 g6 5. Nc3 Bg7 6. Be3 d6 7. Qd2 Nf6 8. 0-0-0 0-0 9. f3 d5 10. Bd3 e5 11. Nxc6 bxc6 12. exd5 cxd5 13. Bh6 Rb8 14. Bxg7 Kxg7 15. g4 d4 16. Na4 Bd7 17. Nc5 Qb6 18. Nb3 Rfc8 19. h4 Bc6 20. Rh3 Qb7 21. Rf1 a5 22. Qxa5 Bd5 23. Ba6 Qc6 24. Bxc8 Bxb3 25. axb3 Ra8 26. Qxe5 Ra1+ 27. Kd2 Rxf1 28. Ke2 Rc1 29. Kf2 Qxc8 30. g5 Qxc2+ 31. Qe2 d3 0-1